Contenido de clase y participación obrera en el movimiento antidictatorial de 1920 /
Αποθηκεύτηκε σε:
| Κύριος συγγραφέας: | |
|---|---|
| Μορφή: | Κείμενο |
| Ετικέτες: |
Προσθήκη ετικέτας
Δεν υπάρχουν, Καταχωρήστε ετικέτα πρώτοι!
|
MARC
| LEADER | 00000 a a2200000 04500 | ||
|---|---|---|---|
| 001 | 45380 | ||
| 003 | |||
| 040 | |||
| 090 | |a REV0780 (4)1977 | ||
| 100 | |a Figueroa Ibarra, Carlos | ||
| 245 | |a Contenido de clase y participación obrera en el movimiento antidictatorial de 1920 / |c Carlos Figueroa Ibarra | ||
| 773 | |g número4, II Epoca, (julio - diciembre, 1977), páginas 5-52 | ||
| 999 | |c 27932 |d 27932 | ||
